00723nam a22002417a 4500001001000000003000500010005001700015008004100032010001000073011001000083035001100093040000900104082002200113100002200135245012900157250001000286260002900296300002000325650001900345650001700364650005600381650004400437000101138CHAP20220817044322.0100224s2007 mx a r 00010 spa d a97601 a98573 a109258 cCHAP14a910.285bT59 20071 aTomlinson, Roger.10aPensando en el SIG :bplanificación del Sistema de Información Geográfica dirigida a gerentes /c/por Roger Tomlinson. a3 ed. aNew York :bESRI,c2007. a257 p. :bilus.14aCartografía.14aGeografía.14aProcesamiento automático de datos en geografía.14aSistemas de Información Geográfica.